| 000 | 00838nam a22002537a 4500 | ||
|---|---|---|---|
| 005 | 20170123162354.0 | ||
| 010 | _a379991 | ||
| 020 | _c10.00 | ||
| 035 | _a379991 | ||
| 037 | _bCen Lib/Ret | ||
| 040 |
_aDPL _bUR |
||
| 082 |
_a841 _bذ ر ی |
||
| 245 |
_a/ کلام فرید _cمرتب کیفی جام پوری؛ [اور] مترجم ریاض انور |
||
| 246 |
_aKalam-e- Farid / _bedited by Kefi Jam Puri; [and] Translated by Riyaz Anwar |
||
| 260 |
_aملتان _bبرم ثقافت _c1963 |
||
| 270 | _bملتان | ||
| 300 |
_a579p. _c20cm(Hb) |
||
| 650 |
_aاردو ادب _9137859 |
||
| 650 |
_aاردو ادب _v شیری _9589 |
||
| 650 |
_aUrdu litrerature _9590 |
||
| 650 |
_aUrdu literature _vPoetry _9591 |
||
| 700 |
_aپوری، کیفی جام _9137860 |
||
| 942 |
_2ddc _cUR _h841 _mذ ر ی |
||
| 999 |
_c109448 _d109448 |
||